YOGA EDUCATION (Record no. 17575)

MARC details
000 -LEADER
fixed length control field 00244nam a22001217a 4500
003 - CONTROL NUMBER IDENTIFIER
control field SGT
082 ## - DEWEY DECIMAL CLASSIFICATION NUMBER
Classification number 370
Item number MIS
100 ## - MAIN ENTRY--PERSONAL NAME
Personal name MISHRA, PITAMBAR
245 ## - TITLE STATEMENT
Title YOGA EDUCATION
260 ## - PUBLICATION, DISTRIBUTION, ETC. (IMPRINT)
Place of publication, distribution, etc DELHI
Name of publisher, distributor, etc RI PUB.
Year of Publication 2018
300 ## - PAGE DESCRIPTION
No. of Pages 293
942 ## - ADDED ENTRY ELEMENTS (KOHA)
Source of classification or shelving scheme Dewey Decimal Classification
Koha item type Books
Holdings
Withdrawn status Lost status Source of classification or shelving scheme Damaged status Not for loan Collection code Home library Current library Shelving location Date acquired Vendor Name SGTU Full call number Accession No. (Barcode) Date last seen Bill Date Koha item type Total Checkouts Date last borrowed
    Dewey Decimal Classification     EDUCATION SGT Engineering Library SGT Engineering Library Text Book 16/04/2019 SRP SGTU 370 MIS ED3586 16/04/2019 16/04/2019 Books    
    Dewey Decimal Classification     EDUCATION SGT Engineering Library SGT Engineering Library Text Book 16/04/2019 SRP SGTU 370 MIS ED3587 16/04/2019 16/04/2019 Books    
    Dewey Decimal Classification     EDUCATION SGT Engineering Library SGT Engineering Library Text Book 16/04/2019 SRP SGTU 370 MIS ED3588 16/04/2019 16/04/2019 Books    
    Dewey Decimal Classification     EDUCATION SGT Engineering Library SGT Engineering Library Text Book 16/04/2019 SRP SGTU 370 MIS ED3589 16/04/2019 16/04/2019 Books    
    Dewey Decimal Classification     EDUCATION SGT Engineering Library SGT Engineering Library Text Book 16/04/2019 SRP SGTU 370 MIS ED3590 02/08/2021 16/04/2019 Books 1 10/07/2021